Geography Quiz

Random Geography or World Quiz

Click the German-Speaking Countries Quiz Stats

 Plays Quiz Updated Jul 2, 2018

Score 0/6 Timer 03:00
4 Plays Today
% Correct
Germany
95.6%
Austria
85.9%
Switzerland
84.3%
Liechtenstein
67.9%
Luxembourg
50.1%
Belgium
48.8%

You're not logged in!

Compare scores with friends on all Sporcle quizzes.
Join for Free
OR
Log In

You Might Also Like...

Show Comments

Extras

Top Quizzes Today


Score Distribution

Your Account Isn't Verified!

In order to create a playlist on Sporcle, you need to verify the email address you used during registration. Go to your Sporcle Settings to finish the process.

Report this User

Report this user for behavior that violates our Community Guidelines.

Details: